[Event "World School-ch U15 Girls"]
[Site "Rhodes"]
[Date "2023.04.15"]
[Round "2"]
[White "Eshkol, Lilian"]
[Black "Rasheva, Nora"]
[Result "0-1"]
[WhiteElo "1480"]
[BlackElo "1710"]
[PlyCount "56"]
[EventDate "2023.04.14"]
[EventType "swiss"]
[EventRounds "9"]
[EventCountry "GRE"]
[SourceTitle "EXT 2024"]
[Source "ChessBase"]
[SourceDate "2023.10.10"]
[SourceVersion "1"]
[SourceVersionDate "2023.10.10"]
[SourceQuality "1"]

1. e4 c6 2. d4 d5 3. e5 Bf5 4. h4 h5 5. Bd3 Bxd3 6. Qxd3 e6 7. Bg5 Qa5+ 8. c3 c5 9. Nd2 cxd4 10. cxd4 Nc6 11. Ngf3 Nb4 12. Qc3 Qa6 13. Kd1 Nd3 14. Be3 Ne7 15. Ne1 Nxe1 16. Kxe1 Rc8 17. Qb3 Nc6 18. Rc1 Be7 19. f3 0-0 20. Kf2 f6 21. g4 fxe5 22. gxh5 Nxd4 23. Bxd4 Rxc1 24. Rxc1 Bxh4+ 25. Kg1 exd4 26. Qd1 Qd3 27. Rc7 Bg3 28. Rxb7 Bf4 0-1

[Event "EU-ch Hybrid U14 Girls"]
[Site "Tornelo INT"]
[Date "2021.10.15"]
[Round "4"]
[White "Rasheva, Nora"]
[Black "Cymbron, Victoria"]
[Result "0-1"]
[WhiteElo "1761"]
[BlackElo "1409"]
[PlyCount "92"]
[EventDate "2021.10.15"]
[EventType "swiss"]
[EventRounds "9"]
[EventCountry "NET"]
[SourceTitle "EXT 2023"]
[Source "ChessBase"]
[SourceDate "2022.10.05"]
[SourceVersion "1"]
[SourceVersionDate "2022.10.05"]
[SourceQuality "1"]
[WhiteTeam "Bulgaria"]
[BlackTeam "Portugal"]
[WhiteTeamCountry "BUL"]
[BlackTeamCountry "POR"]

1. d4 Nf6 2. Nf3 c5 3. d5 e6 4. c4 exd5 5. cxd5 d6 6. Nc3 g6 7. Nd2 a6 8. a4 Bg7 9. e4 0-0 10. Be2 Nbd7 11. 0-0 Re8 12. h3 b6 13. Re1 Rb8 14. Rb1 Re7 15. Qc2 Ne8 16. b3 Nc7 17. Nc4 Ne5 18. Na3 h6 19. Bb2 g5 20. Kh2 Ng6 21. g3 Ne5 22. Nd1 Qd7 23. g4 b5 24. Ne3 Qe8 25. f3 Ng6 26. Nf5 Bxf5 27. gxf5 Be5+ 28. Bxe5 Nxe5 29. axb5 Nxb5 30. Nxb5 axb5 31. Kg2 c4 32. bxc4 bxc4 33. Rxb8 Qxb8 34. Rb1 Qa8 35. Rb4 Rc7 36. Bxc4 Qa3 37. Ra4 Qxf3+ 38. Kh2 Qe3 39. Qa2 Qxe4 40. Be2 Qxf5 41. Bd1 Qd3 42. Qb3 Rc3 43. Qb8+ Kg7 44. Bg4 Qg3+ 45. Kh1 Rc1+ 46. Bd1 Rxd1# 0-1

[Event "EU-ch Hybrid U14 Girls"]
[Site "Tornelo INT"]
[Date "2021.10.15"]
[Round "6"]
[White "Rasheva, Nora"]
[Black "Miliou, Pinelopi"]
[Result "1-0"]
[WhiteElo "1761"]
[BlackElo "1285"]
[PlyCount "67"]
[EventDate "2021.10.15"]
[EventType "swiss"]
[EventRounds "9"]
[EventCountry "NET"]
[SourceTitle "EXT 2023"]
[Source "ChessBase"]
[SourceDate "2022.10.05"]
[SourceVersion "1"]
[SourceVersionDate "2022.10.05"]
[SourceQuality "1"]
[WhiteTeam "Bulgaria"]
[BlackTeam "Greece"]
[WhiteTeamCountry "BUL"]
[BlackTeamCountry "GRE"]

1. d4 d5 2. Nf3 c6 3. c4 Nf6 4. g3 e6 5. Bg2 Nbd7 6. 0-0 Bd6 7. Nc3 0-0 8. Nd2 b6 9. e4 dxe4 10. Ndxe4 Nxe4 11. Nxe4 Be7 12. Be3 Bb7 13. Qd2 Nf6 14. Rad1 Qc7 15. Qc2 Rfd8 16. Bf4 Qc8 17. Rd2 c5 18. d5 exd5 19. Nxf6+ Bxf6 20. cxd5 Bd4 21. d6 Bxg2 22. Kxg2 Qc6+ 23. f3 h6 24. Rxd4 Rac8 25. Rd2 Rd7 26. g4 g5 27. Bg3 c4 28. Qc3 b5 29. Qf6 Kh7 30. Qf5+ Kg8 31. Be5 f6 32. Qxf6 Rf8 33. Qg6+ Rg7 34. Qxg7# 1-0

[Event "EU-ch Hybrid U14 Girls"]
[Site "Tornelo INT"]
[Date "2021.10.15"]
[Round "2"]
[White "Rasheva, Nora"]
[Black "Mplitsa, Artemis"]
[Result "0-1"]
[WhiteElo "1761"]
[BlackElo "1393"]
[PlyCount "76"]
[EventDate "2021.10.15"]
[EventType "swiss"]
[EventRounds "9"]
[EventCountry "NET"]
[SourceTitle "EXT 2023"]
[Source "ChessBase"]
[SourceDate "2022.10.05"]
[SourceVersion "1"]
[SourceVersionDate "2022.10.05"]
[SourceQuality "1"]
[WhiteTeam "Bulgaria"]
[BlackTeam "Greece"]
[WhiteTeamCountry "BUL"]
[BlackTeamCountry "GRE"]

1. d4 Nf6 2. Nf3 e6 3. c4 b6 4. g3 Ba6 5. b3 Bb4+ 6. Bd2 Be7 7. Bg2 c6 8. Bc3 d5 9. Ne5 Nfd7 10. Nxd7 Nxd7 11. Nd2 Rc8 12. 0-0 0-0 13. Re1 c5 14. cxd5 exd5 15. dxc5 Bxc5 16. e3 Nf6 17. Qf3 d4 18. exd4 Bxd4 19. Bxd4 Qxd4 20. Rad1 Qb2 21. a4 Rcd8 22. Nf1 Rxd1 23. Qxd1 Qa3 24. Ne3 Qc5 25. Nd5 Nxd5 26. Bxd5 g6 27. h4 h5 28. Re5 Qc7 29. Rg5 Kg7 30. Kh2 f6 31. Qd4 Kh6 32. Bg8 Rxg8 33. Qxf6 Kh7 34. Re5 Rg7 35. a5 Rf7 36. axb6 axb6 37. Qg5 Rxf2+ 38. Kh3 Bf1# 0-1

[Event "EU-ch Hybrid U14 Girls"]
[Site "Tornelo INT"]
[Date "2021.10.15"]
[Round "8"]
[White "Rasheva, Nora"]
[Black "Radej, Pika"]
[Result "1/2-1/2"]
[WhiteElo "1761"]
[BlackElo "1453"]
[PlyCount "88"]
[EventDate "2021.10.15"]
[EventType "swiss"]
[EventRounds "9"]
[EventCountry "NET"]
[SourceTitle "EXT 2023"]
[Source "ChessBase"]
[SourceDate "2022.10.05"]
[SourceVersion "1"]
[SourceVersionDate "2022.10.05"]
[SourceQuality "1"]
[WhiteTeam "Bulgaria"]
[BlackTeam "Slovenia"]
[WhiteTeamCountry "BUL"]
[BlackTeamCountry "SLO"]

1. d4 d5 2. Nf3 Nf6 3. c4 dxc4 4. e3 e6 5. Bxc4 Be7 6. Qe2 a6 7. 0-0 c5 8. dxc5 Bxc5 9. e4 b5 10. Bd3 Bb7 11. Rd1 Qc7 12. a4 b4 13. Nbd2 0-0 14. Nb3 Be7 15. e5 Nd5 16. Qe4 Nf6 17. Qh4 Bxf3 18. gxf3 Qxe5 19. Bxh7+ Nxh7 20. Qxe7 Nc6 21. Qh4 Qe2 22. Be3 Qxf3 23. Nd4 Nxd4 24. Rxd4 b3 25. Rad1 Nf6 26. R1d3 Qe2 27. Bg5 Nd5 28. Rxb3 Rfb8 29. Qg3 Rxb3 30. Qxb3 Qe5 31. Be3 Nxe3 32. Qxe3 Qxe3 33. fxe3 Rb8 34. b4 Kf8 35. Kf2 Ke7 36. Ke2 Rh8 37. h4 Rb8 38. Kd3 g6 39. Kc3 Rb7 40. Kd3 Rb8 41. Ke4 Rb7 42. Kf4 Kf6 43. Ke4 Ke7 44. Kd3 Rb8 1/2-1/2

[Event "Plovdiv Round Table U21 op"]
[Site "Plovdiv"]
[Date "2021.09.27"]
[Round "2"]
[White "Rasheva, Nora"]
[Black "Ioannidis, Evgenios"]
[Result "0-1"]
[WhiteElo "1662"]
[BlackElo "2445"]
[PlyCount "28"]
[EventDate "2021.09.26"]
[EventType "swiss"]
[EventRounds "9"]
[EventCountry "BUL"]
[SourceTitle "CBM 204 Extra"]
[Source "ChessBase"]
[SourceDate "2021.11.30"]
[SourceVersion "1"]
[SourceVersionDate "2021.11.30"]
[SourceQuality "1"]

1. d4 Nf6 2. Nf3 g6 3. c4 Bg7 4. Nc3 d5 5. e3 0-0 6. Qb3 e6 7. Bd2 b6 8. cxd5 exd5 9. Be2 c5 10. dxc5 bxc5 11. Qa3 d4 12. Na4 Ne4 13. Rd1 Nxd2 14. Rxd2 Qa5 0-1

[Event "Wch FIDE Online U12 Girls Europe qual"]
[Site "Tornelo INT"]
[Date "2020.12.09"]
[Round "7"]
[White "Rasheva, Nora"]
[Black "Sureda Gonzalez, Cristina"]
[Result "0-1"]
[WhiteElo "1358"]
[BlackElo "1271"]
[PlyCount "118"]
[EventDate "2020.12.07"]
[EventType "swiss (rapid)"]
[EventRounds "7"]
[EventCountry "ISS"]
[SourceTitle "EXT 2022"]
[Source "ChessBase"]
[SourceDate "2021.10.06"]
[SourceVersion "1"]
[SourceVersionDate "2021.10.06"]
[SourceQuality "1"]

1. d4 Nf6 2. Nf3 e6 3. c4 d5 4. Nc3 Bb4 5. Qa4+ Nc6 6. Bg5 h6 7. Bxf6 Qxf6 8. e3 Bd7 9. Qb3 0-0 10. cxd5 Bxc3+ 11. bxc3 exd5 12. Qxd5 Rad8 13. Qb3 Na5 14. Qc2 Bf5 15. Bd3 Bxd3 16. Qxd3 Rfe8 17. 0-0 Nc6 18. Rab1 b6 19. Rb5 a6 20. Rf5 Qg6 21. Nh4 Qg4 22. Rf4 Qe6 23. Rf3 Ne5 24. Qc2 Nxf3+ 25. Nxf3 c5 26. Rb1 cxd4 27. cxd4 Rc8 28. Qe2 b5 29. h3 Qe4 30. Rd1 Rc2 31. Rd2 Rxd2 32. Qxd2 Qd5 33. Qa5 Qd6 34. Ne5 Rc8 35. Nd3 b4 36. g3 Qe6 37. Kg2 Qe4+ 38. Kh2 Qxd3 39. Qxb4 Rc2 40. Qe1 Qe2 41. Qxe2 Rxe2 42. Kg2 Rxa2 43. d5 Rd2 44. e4 Kf8 45. Kf3 Ke7 46. Ke3 Rb2 47. f4 a5 48. e5 a4 49. d6+ Ke6 50. Kd4 a3 51. Kc3 Rg2 52. Kb3 a2 53. f5+ Kd7 54. g4 a1Q 55. e6+ fxe6 56. fxe6+ Kxe6 57. g5 Qc1 58. d7 Rb2+ 59. Ka3 Qa1# 0-1

[Event "Wch FIDE Online U12 Girls Europe qual"]
[Site "Tornelo INT"]
[Date "2020.12.08"]
[Round "5"]
[White "Rasheva, Nora"]
[Black "Gavish, Maya"]
[Result "1-0"]
[WhiteElo "1358"]
[BlackElo "1235"]
[PlyCount "103"]
[EventDate "2020.12.07"]
[EventType "swiss (rapid)"]
[EventRounds "7"]
[EventCountry "ISS"]
[SourceTitle "EXT 2022"]
[Source "ChessBase"]
[SourceDate "2021.10.06"]
[SourceVersion "1"]
[SourceVersionDate "2021.10.06"]
[SourceQuality "1"]

1. d4 d5 2. Nf3 e6 3. Bf4 Nf6 4. e3 c5 5. c3 Nc6 6. Nbd2 Qb6 7. Qb3 c4 8. Qxb6 axb6 9. e4 b5 10. exd5 exd5 11. Be2 Be7 12. 0-0 0-0 13. Rfe1 b4 14. Ne5 Be6 15. h3 Ra7 16. Nxc6 bxc6 17. cxb4 Bxb4 18. a3 Rfa8 19. Rac1 Ba5 20. Red1 Rb7 21. Rc2 Bc7 22. Bxc7 Rxc7 23. Ra1 Bf5 24. Rc3 Rb7 25. b3 cxb3 26. Rxb3 Rxb3 27. Nxb3 Ne4 28. g4 Nc3 29. Bf1 Bc2 30. Nc5 Na4 31. Rc1 Nxc5 32. Rxc2 Nb3 33. Rxc6 Nxd4 34. Rd6 Nc2 35. a4 g6 36. Bb5 Na3 37. Rxd5 Nxb5 38. axb5 Rb8 39. Kf1 Kf8 40. Ke2 Ke7 41. Kd3 Ke6 42. Ke4 f6 43. f4 f5+ 44. gxf5+ gxf5+ 45. Rxf5 Re8 46. Re5+ Kd7 47. Rxe8 Kxe8 48. b6 Kd7 49. b7 Kc7 50. Ke5 Kxb7 51. Ke6 Kc7 52. Ke7 1-0

[Event "Wch FIDE Online U12 Girls Europe qual"]
[Site "Tornelo INT"]
[Date "2020.12.07"]
[Round "1"]
[White "Rasheva, Nora"]
[Black "Cibulskyte, Smilte"]
[Result "1-0"]
[WhiteElo "1358"]
[BlackElo "1139"]
[PlyCount "71"]
[EventDate "2020.12.07"]
[EventType "swiss (rapid)"]
[EventRounds "7"]
[EventCountry "ISS"]
[SourceTitle "EXT 2022"]
[Source "ChessBase"]
[SourceDate "2021.10.06"]
[SourceVersion "1"]
[SourceVersionDate "2021.10.06"]
[SourceQuality "1"]

1. d4 d5 2. Nf3 Nf6 3. Bf4 e6 4. e3 Bd6 5. Ne5 0-0 6. Bd3 b6 7. 0-0 Bb7 8. Nd2 c5 9. c3 Qc7 10. Qf3 Nbd7 11. Nxd7 Qxd7 12. Be5 Qe7 13. Qh3 h6 14. Nf3 Bxe5 15. Nxe5 Nd7 16. f3 Nxe5 17. dxe5 Rad8 18. g4 d4 19. cxd4 cxd4 20. e4 f6 21. Qg3 fxe5 22. Qxe5 Qd6 23. Qxd6 Rxd6 24. Rac1 Rc6 25. Kf2 Rfc8 26. Rcd1 Kf7 27. Ke2 e5 28. f4 Ke6 29. fxe5 Kxe5 30. Rf5+ Ke6 31. Rdf1 Rd6 32. Rf7 Rd7 33. Rxd7 Kxd7 34. Rf7+ Kc6 35. Rxg7 Kd6 36. Rxb7 1-0

[Event "Online Friendship U12"]
[Site "Tornelo INT"]
[Date "2020.11.21"]
[Round "7.2"]
[White "Baryschyk, Sergey"]
[Black "Rasheva, Nora"]
[Result "1-0"]
[WhiteElo "1782"]
[BlackElo "1358"]
[PlyCount "95"]
[EventDate "2020.11.21"]
[EventType "team-swiss"]
[EventRounds "7"]
[EventCountry "BLR"]
[SourceTitle "CBM 199 Extra"]
[Source "ChessBase"]
[SourceDate "2021.01.31"]
[SourceVersion "1"]
[SourceVersionDate "2021.01.31"]
[SourceQuality "1"]
[WhiteTeam "Belarus Minsk"]
[BlackTeam "Bulgaria"]
[WhiteTeamCountry "BLR"]
[BlackTeamCountry "BUL"]

1. g3 Nf6 2. Bg2 g6 3. d3 d5 4. Nf3 Bg7 5. 0-0 0-0 6. Nc3 c6 7. e4 d4 8. Ne2 c5 9. a4 Nc6 10. Nd2 a6 11. Nc4 b6 12. e5 Nd5 13. Bxd5 Qxd5 14. Nxb6 Qd8 15. Nxa8 Nxe5 16. f4 Nd7 17. h3 Bb7 18. Kh2 Bxa8 19. Ng1 Nf6 20. Qe2 Re8 21. Nf3 Nd5 22. Qf2 Qd7 23. Bd2 Rb8 24. Rab1 Qxa4 25. b3 Qe8 26. Rbe1 e6 27. Nh4 Ne7 28. g4 Rb6 29. f5 e5 30. g5 gxf5 31. Nxf5 Ng6 32. h4 Re6 33. h5 Ne7 34. Nxg7 Kxg7 35. Rxe5 Rxe5 36. Qf6+ Kg8 37. Qxe5 Qd8 38. g6 hxg6 39. Bh6 Nf5 40. Rxf5 Qh4+ 41. Kg1 Qh1+ 42. Kf2 Qg2+ 43. Ke1 gxf5 44. Qxf5 Qg3+ 45. Kd2 Qg2+ 46. Kc1 Qc6 47. Qg5+ Kh7 48. Qg7# 1-0

[Event "Online Friendship U12"]
[Site "Tornelo INT"]
[Date "2020.11.21"]
[Round "1.2"]
[White "Rasheva, Nora"]
[Black "Kakhanski, Mikita"]
[Result "0-1"]
[WhiteElo "1358"]
[BlackElo "1344"]
[PlyCount "54"]
[EventDate "2020.11.21"]
[EventType "team-swiss"]
[EventRounds "7"]
[EventCountry "BLR"]
[SourceTitle "CBM 199 Extra"]
[Source "ChessBase"]
[SourceDate "2021.01.31"]
[SourceVersion "1"]
[SourceVersionDate "2021.01.31"]
[SourceQuality "1"]
[WhiteTeam "Bulgaria"]
[BlackTeam "Belarus Grodno"]
[WhiteTeamCountry "BUL"]
[BlackTeamCountry "BLR"]

1. b3 c6 2. Bb2 d5 3. e3 Nf6 4. f4 Bg4 5. Be2 Bxe2 6. Qxe2 e6 7. Nf3 Nbd7 8. d3 Bb4+ 9. Nbd2 0-0 10. 0-0 Qb6 11. Ne5 Rac8 12. d4 Bxd2 13. Qxd2 Ne4 14. Qe2 Nxe5 15. fxe5 c5 16. Kh1 c4 17. Ba3 Rfd8 18. Rf4 Qc7 19. Raf1 b5 20. g4 Rd7 21. Kg2 cxb3 22. cxb3 Qc2 23. Re1 Rdc7 24. Kf1 Qxe2+ 25. Rxe2 Rc2 26. Ke1 Rc1+ 27. Bxc1 Rxc1# 0-1

[Event "Online Friendship U12"]
[Site "Tornelo INT"]
[Date "2020.11.21"]
[Round "4.2"]
[White "Shuliak, Zakhar"]
[Black "Rasheva, Nora"]
[Result "0-1"]
[WhiteElo "1286"]
[BlackElo "1358"]
[PlyCount "34"]
[EventDate "2020.11.21"]
[EventType "team-swiss"]
[EventRounds "7"]
[EventCountry "BLR"]
[SourceTitle "CBM 199 Extra"]
[Source "ChessBase"]
[SourceDate "2021.01.31"]
[SourceVersion "1"]
[SourceVersionDate "2021.01.31"]
[SourceQuality "1"]
[WhiteTeam "Belarus Vitebsk"]
[BlackTeam "Bulgaria"]
[WhiteTeamCountry "BLR"]
[BlackTeamCountry "BUL"]

1. e4 c6 2. d4 d5 3. e5 Bf5 4. c4 e6 5. Nc3 Ne7 6. h4 h6 7. Nf3 dxc4 8. Bxc4 Nd7 9. 0-0 Nb6 10. Bb3 Ned5 11. Nxd5 Nxd5 12. Bxd5 Qxd5 13. Be3 Be7 14. Qb3 Be4 15. Qxd5 Bxd5 16. h5 Bd8 17. Nd2 Bb6 0-1

[Event "Balkan-ch U12 Girls"]
[Site "Tornelo INT"]
[Date "2020.10.31"]
[Round "1"]
[White "Rasheva, Nora"]
[Black "Christodoulou, Georgia"]
[Result "0-1"]
[WhiteElo "1333"]
[BlackElo "1164"]
[PlyCount "136"]
[EventDate "2020.10.31"]
[EventType "swiss"]
[EventRounds "7"]
[EventCountry "NET"]
[SourceTitle "EXT 2023"]
[Source "ChessBase"]
[SourceDate "2022.10.05"]
[SourceVersion "1"]
[SourceVersionDate "2022.10.05"]
[SourceQuality "1"]

1. d4 d5 2. Nf3 Nf6 3. c4 e6 4. Nc3 Be7 5. Bg5 0-0 6. e3 h6 7. Bh4 c5 8. cxd5 exd5 9. dxc5 g5 10. Bg3 Bxc5 11. Be5 Be6 12. Bd4 Bxd4 13. Nxd4 Nc6 14. Be2 Qb6 15. Qd2 Nxd4 16. exd4 Ne4 17. Nxe4 dxe4 18. 0-0 Rfd8 19. Rfd1 Rd6 20. Qe3 Bf5 21. Rd2 Rad8 22. Rad1 Bg6 23. g4 f6 24. Bc4+ Kg7 25. Bb3 h5 26. h3 hxg4 27. hxg4 Qc7 28. Bc2 Qd7 29. Qe2 f5 30. gxf5 Qxf5 31. Qe3 Qg4+ 32. Qg3 Qxg3+ 33. fxg3 e3 34. Rh2 Rxd4 35. Re1 Bxc2 36. Rxc2 Rd1 37. Kf1 Rxe1+ 38. Kxe1 Rd7 39. Ke2 Re7 40. Kf3 Kf6 41. Re2 Kf5 42. g4+ Kf6 43. b3 Re5 44. Rc2 e2 45. Rxe2 Rxe2 46. Kxe2 Ke5 47. Ke3 b6 48. a3 a6 49. b4 b5 50. Kd3 Kf4 51. Kd4 Kxg4 52. Kc5 Kh3 53. Kb6 g4 54. Kxa6 g3 55. Kxb5 g2 56. a4 g1Q 57. a5 Qa7 58. a6 Kg4 59. Ka5 Qc7+ 60. Ka4 Qb6 61. b5 Kf5 62. Kb4 Ke5 63. Ka4 Kd5 64. Kb4 Kd4 65. a7 Qxa7 66. b6 Qxb6+ 67. Ka4 Kc3 68. Ka3 Qb3# 0-1

[Event "Balkan-ch U12 Girls"]
[Site "Tornelo INT"]
[Date "2020.10.31"]
[Round "3"]
[White "Rasheva, Nora"]
[Black "Karadas, Hena"]
[Result "0-1"]
[WhiteElo "1333"]
[BlackElo "1191"]
[PlyCount "30"]
[EventDate "2020.10.31"]
[EventType "swiss"]
[EventRounds "7"]
[EventCountry "NET"]
[SourceTitle "EXT 2023"]
[Source "ChessBase"]
[SourceDate "2022.10.05"]
[SourceVersion "1"]
[SourceVersionDate "2022.10.05"]
[SourceQuality "1"]

1. d4 Nf6 2. Nf3 e6 3. c4 c5 4. d5 exd5 5. cxd5 d6 6. Nc3 Bf5 7. g3 Be7 8. Bg2 0-0 9. 0-0 h6 10. Nd2 Nbd7 11. Nc4 a6 12. a4 Nb6 13. Na3 Re8 14. a5 Nbd7 15. Nc4 b5 0-1

[Event "Varna U2200 op"]
[Site "Varna"]
[Date "2019.07.03"]
[Round "2"]
[White "Rasheva, Nora"]
[Black "Nikolov, Krasen"]
[Result "0-1"]
[WhiteElo "1435"]
[BlackElo "1955"]
[PlyCount "60"]
[EventDate "2019.07.02"]
[EventType "swiss"]
[EventRounds "7"]
[EventCountry "BUL"]
[SourceTitle "EXT 2020"]
[Source "ChessBase"]
[SourceDate "2019.10.17"]
[SourceVersion "1"]
[SourceVersionDate "2019.10.17"]
[SourceQuality "1"]

1. d4 d5 2. Nf3 e6 3. c4 c6 4. Nc3 f5 5. b3 Nf6 6. Bb2 Bd6 7. g3 0-0 8. Bg2 Nbd7 9. 0-0 Ne4 10. Nxe4 fxe4 11. Nd2 Qg5 12. Qc1 Nf6 13. Nb1 Qh5 14. Ba3 Bxa3 15. Nxa3 Qxe2 16. Qc3 Bd7 17. Nc2 Rae8 18. f3 exf3 19. Bxf3 Ne4 20. Bxe2 Nxc3 21. Bd3 Rxf1+ 22. Rxf1 e5 23. dxe5 Rxe5 24. a3 Bh3 25. Rf2 b6 26. Rf4 Ne2+ 27. Bxe2 Rxe2 28. Nd4 Rg2+ 29. Kh1 g5 30. Rf3 Rd2 0-1

[Event "Wch U10 Girls"]
[Site "Santiago de Compostela"]
[Date "2018.11.12"]
[Round "8"]
[White "Vu, My Linh"]
[Black "Rasheva, Nora"]
[Result "1-0"]
[WhiteElo "1349"]
[BlackElo "1495"]
[PlyCount "73"]
[EventDate "2018.11.04"]
[EventType "swiss"]
[EventRounds "11"]
[EventCountry "ESP"]
[SourceTitle "EXT 2022"]
[Source "ChessBase"]
[SourceDate "2021.10.06"]
[SourceVersion "1"]
[SourceVersionDate "2021.10.06"]
[SourceQuality "1"]

1. d4 Nf6 2. Nf3 g6 3. g3 Bg7 4. Bg2 d5 5. 0-0 0-0 6. c4 Nc6 7. Nc3 dxc4 8. e4 Bg4 9. Be3 Qd7 10. Qd2 Bxf3 11. Bxf3 Ng4 12. Qe2 Nxe3 13. fxe3 Bh6 14. Kh1 Nb4 15. b3 cxb3 16. axb3 a5 17. Rac1 Rad8 18. Bg4 Qe8 19. Nb5 Na6 20. Nxc7 Nxc7 21. Rxc7 e6 22. e5 Rd7 23. Rfc1 Qe7 24. R7c5 b6 25. R5c3 Qb4 26. Bf3 Rdd8 27. h4 f6 28. Bg4 f5 29. Bf3 Qe7 30. Rc6 g5 31. Qc4 Kh8 32. Qxe6 Qxe6 33. Rxe6 g4 34. Rxh6 gxf3 35. Rc7 Rc8 36. Rhxh7+ Kg8 37. Rcg7# 1-0

[Event "Wch U10 Girls"]
[Site "Santiago de Compostela"]
[Date "2018.11.11"]
[Round "7"]
[White "Rasheva, Nora"]
[Black "Kurmanalina, Deniza"]
[Result "1/2-1/2"]
[WhiteElo "1495"]
[BlackElo "1320"]
[PlyCount "192"]
[EventDate "2018.11.04"]
[EventType "swiss"]
[EventRounds "11"]
[EventCountry "ESP"]
[SourceTitle "EXT 2022"]
[Source "ChessBase"]
[SourceDate "2021.10.06"]
[SourceVersion "1"]
[SourceVersionDate "2021.10.06"]
[SourceQuality "1"]

1. d4 Nf6 2. c4 e6 3. Nc3 Bb4 4. Bg5 c5 5. d5 exd5 6. cxd5 d6 7. a3 Bxc3+ 8. bxc3 Nbd7 9. Nf3 Qa5 10. Bd2 c4 11. e4 Nxe4 12. Bxc4 0-0 13. 0-0 Nb6 14. Bb3 Nxd5 15. c4 Nxd2 16. Qxd2 Qxd2 17. Nxd2 Nf6 18. Rfe1 Be6 19. Ne4 Nxe4 20. Rxe4 Rfd8 21. Rd4 Rac8 22. a4 g6 23. Rad1 a6 24. a5 Rc5 25. Rxd6 Rxd6 26. Rxd6 Rxa5 27. f3 Rc5 28. Rb6 Rc7 29. c5 Bxb3 30. Rxb3 Kf8 31. Kf2 Ke7 32. Rb6 Kd8 33. c6 Rxc6 34. Rxb7 Rc7 35. Rb8+ Ke7 36. Ra8 Rc6 37. Ra7+ Ke6 38. Kg3 h5 39. Kh4 Kf6 40. h3 Kg7 41. g4 hxg4 42. hxg4 Rf6 43. g5 Rxf3 44. Rxa6 Rf4+ 45. Kg3 Rf5 46. Kg4 Rf1 47. Ra7 Re1 48. Kf4 Re6 49. Rb7 Re8 50. Rb6 Re7 51. Kg4 Rd7 52. Kf4 Kf8 53. Ke5 Ke7 54. Ra6 Rc7 55. Ra5 Rb7 56. Kf4 f5 57. Ke5 Kf7 58. Ra4 Kg7 59. Kf4 Re7 60. Rc4 Kf7 61. Rb4 Re4+ 62. Rxe4 fxe4 63. Kxe4 Ke6 64. Kf4 Kd5 65. Kf3 Ke5 66. Kg4 Ke4 67. Kg3 Kf5 68. Kh4 Kf4 69. Kh3 Kxg5 70. Kg3 Kh5 71. Kh3 g5 72. Kg3 Kg6 73. Kg4 Kf6 74. Kg3 Ke5 75. Kg4 Kf6 76. Kg3 Kf5 77. Kf3 g4+ 78. Kg3 Kg5 79. Kg2 Kh5 80. Kg3 Kg5 81. Kg2 Kh4 82. Kh2 Kg5 83. Kg3 Kf5 84. Kg2 Kf4 85. Kf2 g3+ 86. Kg2 Kg4 87. Kg1 Kf4 88. Kg2 Kg4 89. Kg1 Kf3 90. Kf1 Kg4 91. Kg2 Kf4 92. Kg1 Ke3 93. Kg2 Kf4 94. Kg1 Kf3 95. Kf1 g2+ 96. Kg1 Kg3 1/2-1/2

[Event "Ohrid Lasker U20 op"]
[Site "Ohrid"]
[Date "2018.10.11"]
[Round "2"]
[White "Rasheva, Nora"]
[Black "Lazarov, Krste"]
[Result "1-0"]
[WhiteElo "1461"]
[BlackElo "1073"]
[PlyCount "57"]
[EventDate "2018.10.11"]
[EventType "swiss"]
[EventRounds "7"]
[EventCountry "MKD"]
[SourceTitle "CBM 186 Extra"]
[Source "ChessBase"]
[SourceDate "2018.08.24"]
[SourceVersion "1"]
[SourceVersionDate "2018.08.24"]
[SourceQuality "1"]

1. b3 d5 2. Bb2 Nc6 3. e3 a6 4. Nf3 Nf6 5. c4 Bf5 6. a3 dxc4 7. Bxc4 Bd3 8. Qc1 e6 9. Bxd3 Qxd3 10. Qc3 Qxc3 11. Nxc3 Bd6 12. 0-0 Ne5 13. Nxe5 Bxe5 14. d4 Bd6 15. Rac1 c5 16. dxc5 Bxc5 17. Nb5 Bb6 18. Nd6+ Ke7 19. Nxb7 Rhc8 20. a4 Rab8 21. Ba3+ Kd7 22. Rfd1+ Nd5 23. Nd6 Rc6 24. Nxf7 Rxc1 25. Ne5+ Ke8 26. Rxc1 Nxe3 27. Rc6 Kd8 28. fxe3 Bxe3+ 29. Kf1 1-0

[Event "EU Union-ch U10 16th"]
[Site "Mureck"]
[Date "2018.08.05"]
[Round "5"]
[White "Shi, William1111"]
[Black "Rasheva, Nora"]
[Result "1/2-1/2"]
[WhiteElo "1519"]
[BlackElo "1435"]
[PlyCount "45"]
[EventDate "2018.08.01"]
[EventType "swiss"]
[EventRounds "9"]
[EventCountry "AUT"]
[SourceTitle "CBM 186 Extra"]
[Source "ChessBase"]
[SourceDate "2018.08.24"]
[SourceVersion "1"]
[SourceVersionDate "2018.08.24"]
[SourceQuality "1"]

1. e4 d6 2. d4 Nf6 3. Nc3 c6 4. Nf3 Bg4 5. h3 Bh5 6. Be3 e6 7. g4 Bg6 8. e5 Nd5 9. Nxd5 cxd5 10. c3 Nc6 11. Qb3 Qc7 12. Bf4 Be4 13. Bg2 Rb8 14. Nh4 Bxg2 15. Nxg2 dxe5 16. dxe5 a6 17. Qa4 b5 18. Qxa6 Rb6 19. Qa8+ Rb8 20. Qa6 Rb6 21. Qa8+ Rb8 22. Qa6 Rb6 23. Qa8+ 1/2-1/2

[Event "EU Union-ch U10 16th"]
[Site "Mureck"]
[Date "2018.08.03"]
[Round "3"]
[White "Rasheva, Nora"]
[Black "Stoll, Lucia"]
[Result "1-0"]
[WhiteElo "1435"]
[BlackElo "1398"]
[PlyCount "97"]
[EventDate "2018.08.01"]
[EventType "swiss"]
[EventRounds "9"]
[EventCountry "AUT"]
[SourceTitle "CBM 186 Extra"]
[Source "ChessBase"]
[SourceDate "2018.08.24"]
[SourceVersion "1"]
[SourceVersionDate "2018.08.24"]
[SourceQuality "1"]

1. b3 e5 2. Bb2 Nc6 3. e3 Nf6 4. Nf3 e4 5. Nd4 Bc5 6. Nxc6 dxc6 7. Nc3 0-0 8. Be2 Bd6 9. d3 Qe7 10. a3 Bf5 11. dxe4 Nxe4 12. Bf3 Rad8 13. Qe2 Nxc3 14. Bxc3 Bxa3 15. 0-0 a6 16. Bg4 Bg6 17. Rad1 Bb4 18. Bb2 Qc5 19. c3 Bxc3 20. Rxd8 Rxd8 21. Rc1 Rd3 22. e4 Qd4 23. Bxc3 Qxe4 24. Qxe4 Bxe4 25. f3 Bg6 26. Kf2 f6 27. Be6+ Bf7 28. Bc8 Bxb3 29. Bxb7 Bc4 30. Bxc6 Rd6 31. Ba4 Rd3 32. Bxf6 gxf6 33. Rxc4 Ra3 34. Bd1 Rd3 35. Be2 Rd7 36. Rc6 Rd6 37. Rxc7 a5 38. Ra7 Rd5 39. Bc4 Kf8 40. Bxd5 a4 41. Rxa4 Kg7 42. Be4 h6 43. Ra7+ Kh8 44. Ke3 h5 45. Kf4 h4 46. Kf5 h3 47. gxh3 Kg8 48. Kxf6 Kh8 49. Ra8# 1-0

[Event "EU-ch U10 Girls 27th"]
[Site "Mamaia"]
[Date "2017.09.08"]
[Round "4"]
[White "Gasimova, Samra"]
[Black "Rasheva, Nora"]
[Result "1-0"]
[WhiteElo "1578"]
[BlackElo "1303"]
[PlyCount "42"]
[EventDate "2017.09.05"]
[EventType "swiss"]
[EventRounds "9"]
[EventCountry "ROU"]
[SourceTitle "CBM 180 Extra"]
[Source "ChessBase"]
[SourceDate "2017.10.06"]
[SourceVersion "1"]
[SourceVersionDate "2017.10.06"]
[SourceQuality "1"]

1. d4 f5 2. c4 Nf6 3. g3 e6 4. Bg2 Bb4+ 5. Nc3 0-0 6. Nh3 Ne4 7. Qc2 d5 8. cxd5 Qxd5 9. 0-0 Bxc3 10. bxc3 Qc6 11. Bf4 Nd7 12. Rfd1 Ndf6 13. c4 b6 14. Be5 Bb7 15. Bxf6 Rxf6 16. Nf4 g5 17. Nd3 Qe8 18. Ne5 h5 19. Qd3 Rd8 20. Qc2 Rh6 21. Qc1 Nf6 1-0